| 000 | 00000nam##2200000za#4500 |
| 001 | 9.640758 |
| 003 | CaOODSP |
| 005 | 20250127143432 |
| 007 | cr ||||||||||| |
| 008 | 150407|2012||||xxc|||||o f|0| 0 fre|d |
| 020 | |a978-1-100-99744-5 |
| 040 | |aCaOODSP|bfre |
| 043 | |an-cn--- |
| 086 | 1 |aCH44-144/2012F-PDF |
| 110 | 1 |aCanada. |bPatrimoine canadien. |
| 245 | 10|aPremier rapport du Canada sur la mise en oeuvre de la Convention sur la protection et la promotion de la diversité des expressions culturelles de l'UNESCO |h[ressource électronique] |
| 260 | |aGatineau - Québec : |bPatrimoine canadien |cc2012. |
| 300 | |a170p.|btableaux |
| 590 | |a13-03|b2013-01-18 |
| 691 | 07|aDiversité culturelle|2gcpds |
| 691 | 07|aPolitique culturelle|2gcpds |
| 775 | 08|tCanada's first report on the implementation of the UNESCO Convention on the Protection and Promotion of the Diversity of Cultural Expressions |w(CaOODSP)9.696648 |
| 794 | |tRapport périodique quadriennal 2024 du Canada sur la mise en oeuvre de la Convention de l'UNESCO sur la protection et la promotion de la diversité des expressions culturelles.|w(CaOODSP)9.947412 |
| 856 | 40|ahttp://publications.gc.ca|qPDF|s963 Ko|uhttps://publications.gc.ca/collections/collection_2013/pc-ch/CH44-144-2012-fra.pdf |